Gaming Quiz

Random Gaming or Board Games Quiz
Score 0/6 Timer 04:00
0 Plays Today
Classes % Correct
Inox Brute
100%
Quatryl Tinkerer
100%
Vermling Mindthief
95.5%
Savvas Cragheart
90.9%
Human Scoundrel
90.9%
Orchid Spellweaver
86.4%
Come Together.
Have Fun.
All Virtual.
We all need to come together. Play Sporcle's virtual live trivia to have fun, connect with people, and get your trivia on. Join a live hosted trivia game for your favorite pub trivia experience done virtually. If a virtual private party is more your thing, go here for details.

You're not logged in!

Compare scores with friends on all Sporcle quizzes.
OR
Log In

Sporcle TV

Today on Sporcle TV


Watch our educational content, quiz creation guides, and fun videos on Sporcle TV.

Show Comments

Extras

Created Feb 21, 2020ReportNominate
Tags:Board Games Quiz

Top Quizzes Today


Score Distribution

Paid Content

Your Account Isn't Verified!

In order to create a playlist on Sporcle, you need to verify the email address you used during registration. Go to your Sporcle Settings to finish the process.

Report this User

Report this user for behavior that violates our Community Guidelines.

Details: